| 000 | 00428nam a2200193Ia 4500 | ||
|---|---|---|---|
| 008 | 101110s9999 xx 000 0 und d | ||
| 041 | _aMARATHI | ||
| 082 |
_bSR2938 _a891.4609 |
||
| 100 | _aKulkarni V.L. | ||
| 245 | _aShripad Krushna | ||
| 365 | _b4 | ||
| 520 | _aMarathi | ||
| 546 | _aMARATHI | ||
| 630 | _aShripad Krushna | ||
| 650 | _aMarathi | ||
| 655 | _aMarathi | ||
| 730 | _aShripad Krushna | ||
| 942 | _cBOOK | ||
| 999 |
_c799632 _d799629 |
||